[Event "Offene Hessische Senioren Einzelmeisters"]
[Site "Bad Sooden- Allendorf"]
[Date "2011.05.04"]
[Round "5.87"]
[White "Viererbe, Hartmut"]
[Black "Hespers, Rolf"]
[Result "1-0"]
[WhiteElo "1893"]
[BlackElo "1784"]
[PlyCount "91"]
[EventDate "2011.??.??"]

1. Nf3 Nf6 2. c4 e6 3. Nc3 b6 4. Qc2 Bb7 5. e4 d6 6. d4 Be7 7. Bg5 h6 8. Bh4
Nh5 9. Bg3 Nxg3 10. hxg3 Bg5 11. Bd3 Nd7 12. Qe2 e5 13. Nxg5 Qxg5 14. Rh5 Qe7
15. d5 g6 16. Rh2 Nc5 17. Bc2 O-O-O 18. O-O-O Qg5+ 19. Qd2 Qxd2+ 20. Kxd2 Kb8
21. Rdh1 h5 22. g4 Rdg8 23. g3 Bc8 24. gxh5 Rh6 25. hxg6 Rhxg6 26. Rh8 f6 27.
Rxg8 Rxg8 28. Rh6 Rf8 29. Ke3 Rf7 30. f4 Nd7 31. f5 a6 32. Bd1 Rg7 33. Rg6 Rh7
34. Bf3 Rf7 35. Bh5 Rf8 36. Rh6 Bb7 37. Rh7 Kc8 38. g4 Kd8 39. Bf7 Bc8 40. b4
Bb7 41. Ne2 Bc8 42. Ng3 Ke7 43. Be6+ Kd8 44. Nh5 Ke8 45. Ng7+ Ke7 46. Bxd7 1-0

[Event "Offene Hessische Senioren Einzelmeisters"]
[Site "Bad Sooden- Allendorf"]
[Date "2011.05.04"]
[Round "5.88"]
[White "Wilfert, Eva-Maria"]
[Black "Schiller, Hans"]
[Result "1/2-1/2"]
[WhiteElo "1743"]
[BlackElo "1856"]
[PlyCount "115"]
[EventDate "2011.??.??"]

1. d4 d5 2. c4 c6 3. Nc3 Nf6 4. cxd5 cxd5 5. Nf3 Nc6 6. e3 Bf5 7. Bd3 Bxd3 8.
Qxd3 e6 9. O-O Be7 10. Re1 O-O 11. a3 Rc8 12. b3 Na5 13. Ne2 Qb6 14. Rb1 Rc7
15. b4 Nc4 16. Bd2 Ne4 17. Rec1 Rfc8 18. Rc2 Ncxd2 19. Rxc7 Qxc7 20. Nxd2 Qc2
21. Qxc2 Rxc2 22. Nxe4 Rxe2 23. Nc3 Rc2 24. Na4 Ra2 25. Nc5 b6 26. Na6 Rxa3 27.
b5 Rc3 28. Kf1 h5 29. Ke2 Rc2+ 30. Ke1 Bd6 31. h3 e5 32. dxe5 Bxe5 33. Kf1 d4
34. Nb4 Rc4 35. Nc6 Bf6 36. exd4 Bxd4 37. Nxd4 Rxd4 38. Ke2 f5 39. g3 g5 40. f3
Kf7 41. Rb3 h4 42. g4 fxg4 43. fxg4 Rd5 44. Rb1 Ke6 45. Rb3 Kd6 46. Ke3 Re5+
47. Kd4 Rc5 48. Ke4 Re5+ 49. Kd4 Re1 50. Kc4 Re4+ 51. Kd3 Kd5 52. Rb1 Rf4 53.
Ke3 Kc5 54. Ra1 Kxb5 55. Rxa7 Ra4 56. Rd7 Ra3+ 57. Ke4 Kc6 58. Rg7 1/2-1/2

[Event "Offene Hessische Senioren Einzelmeisters"]
[Site "Bad Sooden- Allendorf"]
[Date "2011.05.04"]
[Round "5.89"]
[White "Hopp, Dr. Barbara"]
[Black "Lübbers, Dr. Doris"]
[Result "1-0"]
[WhiteElo "1799"]
[BlackElo "1602"]
[PlyCount "101"]
[EventDate "2011.??.??"]

1. d4 d5 2. e4 dxe4 3. Nc3 Nf6 4. f3 exf3 5. Nxf3 Bg4 6. h3 Bf5 7. Bc4 e6 8.
Bg5 h6 9. Bf4 Bd6 10. Ne5 a6 11. O-O O-O 12. Qf3 c6 13. Bb3 Qe7 14. Bxh6 Bxe5
15. dxe5 Qc5+ 16. Qe3 Qxe3+ 17. Bxe3 Nd5 18. Nxd5 cxd5 19. Bxd5 exd5 20. Rxf5
Nc6 21. Bc5 Rfe8 22. Bd6 Re6 23. Raf1 Nd8 24. Rd1 Rc8 25. c3 g6 26. Rf2 Nc6 27.
Rxd5 Rce8 28. Rf6 Nd8 29. Kf2 Nc6 30. Rxe6 Rxe6 31. Bc7 Kf8 32. Kf3 Ke8 33. Kf4
Ke7 34. Bd6+ Ke8 35. h4 Ne7 36. Bxe7 Rxe7 37. Rd4 Rc7 38. g4 Rc6 39. g5 Ke7 40.
c4 b6 41. a4 a5 42. b3 Re6 43. Rd5 Rc6 44. Rb5 Ke6 45. Rd5 Ke7 46. Ke3 Ke6 47.
Ke4 Ke7 48. Rd3 Re6 49. Rf3 Rc6 50. Rf6 Re6 51. Kd5 1-0

[Event "Offene Hessische Senioren Einzelmeisters"]
[Site "Bad Sooden- Allendorf"]
[Date "2011.05.04"]
[Round "5.90"]
[White "Schneidereit, Manfred"]
[Black "Köhler, Marianne"]
[Result "1/2-1/2"]
[WhiteElo "1822"]
[BlackElo "1661"]
[PlyCount "87"]
[EventDate "2011.??.??"]

1. e4 e6 2. d4 d5 3. e5 c5 4. c3 cxd4 5. cxd4 Qb6 6. a3 Bd7 7. Nc3 Ne7 8. Nf3
a6 9. b4 Qd8 10. Bd3 h6 11. O-O Nc8 12. Be3 Be7 13. Rc1 b5 14. Nd2 Nb6 15. Qg4
g6 16. Bxg6 Bg5 17. Bh5 Kf8 18. f4 Be7 19. Qf3 f5 20. Qe2 Be8 21. Nd1 Nc4 22.
Rc3 Nd7 23. Nxc4 bxc4 24. Bf2 Bxh5 25. Qxh5 Qe8 26. Rh3 Qxh5 27. Rxh5 Kg7 28.
Nc3 Kg6 29. Rh3 h5 30. Bh4 Bxh4 31. Rxh4 Rag8 32. Rf3 Nf8 33. Na4 Kf7 34. Rhh3
Ng6 35. Kf2 h4 36. Ke3 Ne7 37. Rf2 Nc6 38. Rhf3 Nb8 39. Nc5 Rg7 40. g3 hxg3 41.
hxg3 Rh1 42. Rg2 Ra1 43. Kf2 Ra2+ 44. Kf1 1/2-1/2

[Event "Offene Hessische Senioren Einzelmeisters"]
[Site "Bad Sooden- Allendorf"]
[Date "2011.05.04"]
[Round "5.91"]
[White "Schneider, Hans"]
[Black "Helm, Irmgard"]
[Result "1/2-1/2"]
[WhiteElo "1793"]
[BlackElo "1714"]
[PlyCount "49"]
[EventDate "2011.??.??"]

1. Nf3 d5 2. g3 e6 3. Bg2 Nc6 4. d3 Nf6 5. Nbd2 Be7 6. O-O O-O 7. c3 e5 8. Qc2
Bg4 9. h3 Bh5 10. Re1 Qd7 11. e4 dxe4 12. dxe4 Bg6 13. Nh4 Bc5 14. b4 Bb6 15.
a4 a6 16. Nc4 Ba7 17. Be3 Qe6 18. Bxa7 Nxa7 19. Ne3 Nc8 20. Rad1 Nd6 21. Nxg6
hxg6 22. Rd2 g5 23. Nd5 Nfe8 24. Ne3 Nf6 25. Nd5 1/2-1/2

[Event "Offene Hessische Senioren Einzelmeisters"]
[Site "Bad Sooden- Allendorf"]
[Date "2011.05.04"]
[Round "5.92"]
[White "Janzen, Christian"]
[Black "Gröner, Marga"]
[Result "1-0"]
[WhiteElo "1759"]
[BlackElo "1480"]
[PlyCount "59"]
[EventDate "2011.??.??"]

1. e4 e6 2. d4 d5 3. exd5 exd5 4. Bf4 c6 5. Bd3 Bd6 6. Bg3 Bxg3 7. hxg3 Nf6 8.
c3 Be6 9. Qc2 h6 10. Ne2 Qd6 11. Nd2 Nbd7 12. O-O-O O-O-O 13. Nf3 Ng4 14. Nf4
Ngf6 15. Rde1 Rde8 16. Ne5 Re7 17. Nxe6 Qxe6 18. f4 Qd6 19. Bf5 g6 20. Bxd7+
Nxd7 21. Qd1 h5 22. Nxd7 Qxd7 23. Rxe7 Qxe7 24. Re1 Qd7 25. Qe2 Kd8 26. Qe5 Rg8
27. Qf6+ Kc8 28. Re7 Rf8 29. Rxd7 Kxd7 30. f5 1-0

[Event "Offene Hessische Senioren Einzelmeisters"]
[Site "Bad Sooden- Allendorf"]
[Date "2011.05.04"]
[Round "5.94"]
[White "Pastowski, Werner"]
[Black "Wernitz, Armin"]
[Result "1-0"]
[WhiteElo "1804"]
[BlackElo "1598"]
[PlyCount "132"]
[EventDate "2011.??.??"]

1. e4 d6 2. d4 g6 3. Nf3 Bg7 4. c3 Nf6 5. Bd3 O-O 6. O-O a6 7. h3 b5 8. Re1 Bb7
9. Bg5 h6 10. Bf4 Nbd7 11. Qd2 Kh7 12. Qe2 e6 13. Nbd2 Nb6 14. Rad1 Rc8 15. e5
Nfd5 16. Bg3 Kh8 17. Bh4 Qd7 18. Bb1 c5 19. Bg3 Ne7 20. exd6 Nf5 21. Be5 f6 22.
Bh2 Bd5 23. Ne4 cxd4 24. Nxd4 Bc4 25. Qd2 e5 26. Nxf5 gxf5 27. Ng3 Bf7 28. Bxf5
Be6 29. Qd3 Rfd8 30. Bxe6 Qxe6 31. Qf5 Qxf5 32. Nxf5 Bf8 33. f4 Nc4 34. fxe5
fxe5 35. Bxe5+ Kh7 36. Bg3 Nxb2 37. Rd2 Na4 38. Rd3 Nb2 39. Rd2 Nc4 40. Rde2 a5
41. Ne7 Rc5 42. Rf1 Bg7 43. Nf5 Rd7 44. Nxg7 Kxg7 45. Re7+ Rxe7 46. dxe7 Rc8
47. Bc7 Re8 48. Bd8 Nd6 49. g4 Nb7 50. Rf5 Nxd8 51. exd8=Q Rxd8 52. Rxb5 Rd1+
53. Kf2 Rd2+ 54. Kg3 Rd3+ 55. Kh4 Rxc3 56. Rxa5 Rc7 57. a4 Rc6 58. Rb5 Ra6 59.
a5 Kf8 60. Kh5 Ke7 61. h4 Kd7 62. g5 hxg5 63. hxg5 Kc7 64. g6 Ra8 65. Kh6 Ra7
66. Kh7 Ra8 1-0

[Event "Offene Hessische Senioren Einzelmeisters"]
[Site "Bad Sooden- Allendorf"]
[Date "2011.05.04"]
[Round "5.95"]
[White "Dinius, Helmut"]
[Black "Ludwig, Egbert"]
[Result "1-0"]
[WhiteElo "1774"]
[BlackElo "1490"]
[PlyCount "107"]
[EventDate "2011.??.??"]

1. e4 e6 2. Bc4 d5 3. exd5 exd5 4. Bb3 c6 5. h3 Nf6 6. d3 Qe7+ 7. Ne2 Nbd7 8.
c3 c5 9. O-O Qd6 10. Re1 Be7 11. Bf4 Qc6 12. Ng3 O-O 13. Nf5 Bd6 14. Nxd6 Nb6
15. Nxc8 Raxc8 16. Nd2 Rfe8 17. Qf3 Rxe1+ 18. Rxe1 Re8 19. Rxe8+ Nxe8 20. Bc2
Qe6 21. Qe3 Qd7 22. Qxc5 Qc6 23. Qxc6 bxc6 24. Nf3 Nf6 25. Be5 Nfd7 26. Bc7 Nc8
27. Ne5 Nxe5 28. Bxe5 f6 29. Bd4 a5 30. Ba4 Ne7 31. Bc5 Kf7 32. Bxe7 Kxe7 33.
Bxc6 Kd6 34. Ba4 Kc5 35. Kf1 d4 36. Ke2 f5 37. Kd2 f4 38. a3 g6 39. b4+ axb4
40. axb4+ Kd5 41. c4+ Kd6 42. Bd1 g5 43. g3 fxg3 44. fxg3 h6 45. h4 gxh4 46.
gxh4 Ke6 47. Ke2 Ke5 48. Kf3 Kf5 49. b5 Ke5 50. Kg4 Kd6 51. Kf5 Kc5 52. Ke5 Kb6
53. Kxd4 Kc7 54. Kc5 1-0

[Event "Offene Hessische Senioren Einzelmeisters"]
[Site "Bad Sooden- Allendorf"]
[Date "2011.05.04"]
[Round "5.96"]
[White "Neumann, Dr. Peter"]
[Black "Graffenberger, Marianne"]
[Result "0-1"]
[WhiteElo "1888"]
[BlackElo "1483"]
[PlyCount "50"]
[EventDate "2011.??.??"]

1. d4 d5 2. c4 Nf6 3. Nc3 c6 4. cxd5 cxd5 5. Bg5 e6 6. Nf3 Be7 7. h3 O-O 8. e3
Ne4 9. Nxe4 dxe4 10. Bxe7 Qxe7 11. Nd2 f5 12. Qc2 Nc6 13. a3 Kh8 14. Bc4 Qg5
15. g3 Bd7 16. Qd1 a6 17. Be2 b5 18. g4 Qh4 19. Rh2 Ne7 20. Nf1 Nd5 21. Ng3
Nxe3 22. Nxf5 exf5 23. Qd2 f4 24. Qc3 Rac8 25. Qb4 Nc2+ 0-1

[Event "Offene Hessische Senioren Einzelmeisters"]
[Site "Bad Sooden- Allendorf"]
[Date "2011.05.04"]
[Round "5.97"]
[White "Knobling, Rolf"]
[Black "Graffenberger, Wilhelm"]
[Result "0-1"]
[WhiteElo "1636"]
[BlackElo "1762"]
[PlyCount "36"]
[EventDate "2011.??.??"]

1. e4 c5 2. Nf3 Nc6 3. d4 cxd4 4. Nxd4 Nf6 5. f3 e5 6. Nb3 Be7 7. c4 O-O 8. Nc3
d6 9. Be3 Be6 10. Nd5 Bxd5 11. cxd5 Nb8 12. Rc1 Nbd7 13. Be2 Nh5 14. O-O Bg5
15. Qd2 Bxe3+ 16. Qxe3 Nf4 17. Rc2 Qg5 18. Bb5 Nh3+ 0-1

[Event "Offene Hessische Senioren Einzelmeisters"]
[Site "Bad Sooden- Allendorf"]
[Date "2011.05.04"]
[Round "5.98"]
[White "Donner, Ernst"]
[Black "Girod, Gudrun"]
[Result "1-0"]
[WhiteElo "1648"]
[BlackElo "1568"]
[PlyCount "58"]
[EventDate "2011.??.??"]

1. e4 d5 2. exd5 Qxd5 3. Nc3 Qd8 4. Nge2 e6 5. g3 Nf6 6. Bg2 c6 7. d3 Be7 8.
O-O O-O 9. Bd2 Nbd7 10. a4 e5 11. h3 h6 12. Kh2 Nb6 13. Ng1 Be6 14. Re1 Bd6 15.
Be3 Nbd5 16. Qd2 Bc7 17. b4 Nxc3 18. Qxc3 Bd5 19. f3 Qb8 20. Bf2 Re8 21. Re2
Qd8 22. Qe1 Nh7 23. c4 Be6 24. Rd1 f6 25. d4 Bxc4 26. dxe5 Bd5 27. exf6 Qxf6
28. Bd4 Qg6 29. Qf2 b6 {restliche Züge nicht zu rekonstruieren} 1-0

[Event "Offene Hessische Senioren Einzelmeisters"]
[Site "Bad Sooden- Allendorf"]
[Date "2011.05.04"]
[Round "5.99"]
[White "Wolff, Heinz"]
[Black "Semisch, Helga"]
[Result "1/2-1/2"]
[WhiteElo "1613"]
[BlackElo "1609"]
[PlyCount "48"]
[EventDate "2011.??.??"]

1. d4 d5 2. Nf3 c6 3. e3 Nf6 4. c4 a6 5. Nc3 Bg4 6. Be2 e6 7. O-O Be7 8. c5 O-O
9. Ne5 Bf5 10. Bd3 Ne4 11. Qc2 Nxc3 12. bxc3 Bxd3 13. Qxd3 b6 14. cxb6 Qxb6 15.
Rb1 Qc7 16. c4 Bd6 17. Nf3 Nd7 18. c5 Be7 19. Bd2 f5 20. Rb3 Bf6 21. Rfb1 Rab8
22. h3 Rxb3 23. Rxb3 a5 24. a4 e5 1/2-1/2

[Event "Offene Hessische Senioren Einzelmeisters"]
[Site "Bad Sooden- Allendorf"]
[Date "2011.05.04"]
[Round "5.100"]
[White "Bartl, Birgit"]
[Black "Wauer, Klaus"]
[Result "1/2-1/2"]
[WhiteElo "1511"]
[BlackElo "1835"]
[PlyCount "72"]
[EventDate "2011.??.??"]

1. e4 c5 2. f4 e6 3. Nc3 Nc6 4. Nf3 a6 5. Be2 Qc7 6. d3 d6 7. O-O Nd4 8. Kh1
Bd7 9. Be3 Nc6 10. d4 cxd4 11. Nxd4 Nxd4 12. Bxd4 e5 13. Be3 Rc8 14. Rc1 Nf6
15. Bf3 Be7 16. f5 h6 17. Nd5 Nxd5 18. Qxd5 Bc6 19. Qd2 Qd8 20. c3 Bg5 21. Rce1
Qf6 22. c4 Rd8 23. Qc1 g6 24. Qc2 h5 25. Bxg5 Qxg5 26. fxg6 Qxg6 27. Qf2 h4 28.
h3 Qg3 29. Qxg3 hxg3 30. Bg4 Bd7 31. Bxd7+ Rxd7 32. Re3 Rh4 33. Rff3 Rf4 34.
Rxg3 Rf2 35. Rb3 Rc2 36. Rgc3 Re2 1/2-1/2

[Event "Offene Hessische Senioren Einzelmeisters"]
[Site "Bad Sooden- Allendorf"]
[Date "2011.05.04"]
[Round "5.101"]
[White "Rollwitz, Inge"]
[Black "Ludwig, Siegfried"]
[Result "0-1"]
[WhiteElo "1476"]
[BlackElo "1630"]
[PlyCount "83"]
[EventDate "2011.??.??"]

1. d4 d5 2. c4 dxc4 3. Qa4+ Qd7 4. Qxc4 e6 5. Nf3 Qd5 6. e3 Qxc4 7. Bxc4 Bd6 8.
O-O Nf6 9. a3 Nbd7 10. Nc3 c6 11. b4 b5 12. Bd3 O-O 13. Bb2 Bb7 14. Rfe1 Bc7
15. e4 e5 16. d5 a6 17. dxc6 Bxc6 18. Rac1 Bb6 19. Nd1 Bb7 20. Nxe5 Nxe5 21.
Bxe5 Ng4 22. Bg3 Rad8 23. h3 Rxd3 24. hxg4 Rxg3 25. Ne3 Bxe3 26. Rxe3 Rxg4 27.
f3 Rg6 28. Rec3 h5 29. Kf2 Kh7 30. Rc7 Ba8 31. R1c5 Kh6 32. g3 Rf6 33. Re7 Re6
34. Rxe6+ fxe6 35. Ke3 Rf6 36. g4 hxg4 37. fxg4 Kg6 38. Re5 Kf7 39. Rc5 Rf1 40.
Rc7+ Kf6 41. Rc5 Ra1 42. Rc7 0-1

[Event "Offene Hessische Senioren Einzelmeisters"]
[Site "Bad Sooden- Allendorf"]
[Date "2011.05.04"]
[Round "5.102"]
[White "Fister, Horst-Lothar"]
[Black "Dirks, Rainer"]
[Result "1-0"]
[WhiteElo "1669"]
[BlackElo "1610"]
[PlyCount "49"]
[EventDate "2011.??.??"]

1. Nf3 Nc6 2. d4 d5 3. e3 Bg4 4. c4 e5 5. Qb3 b6 6. cxd5 Na5 7. Qa4+ Bd7 8. Bb5
Ne7 9. Nxe5 Bxb5 10. Qxb5+ c6 11. dxc6 Qc7 12. Nc3 Rd8 13. O-O f6 14. Nf3 Nexc6
15. d5 a6 16. Qxa6 Ne7 17. Rd1 Nc8 18. Qd3 Nd6 19. Nb5 Qc5 20. Nxd6+ Bxd6 21.
a3 O-O 22. b4 Qc4 23. Qxc4 Nxc4 24. Bd2 Rb8 25. Rdc1 1-0

[Event "Offene Hessische Senioren Einzelmeisters"]
[Site "Bad Sooden- Allendorf"]
[Date "2011.05.04"]
[Round "5.103"]
[White "Kaldune, Helmut"]
[Black "Nols, Uwe"]
[Result "1-0"]
[WhiteElo "1535"]
[BlackElo "1229"]
[PlyCount "75"]
[EventDate "2011.??.??"]

1. c4 e5 2. Nc3 Nf6 3. g3 Bc5 4. e3 Nc6 5. Bg2 Ne7 6. Nge2 c6 7. d4 exd4 8.
Nxd4 d6 9. O-O d5 10. cxd5 Nfxd5 11. Nxd5 Nxd5 12. a3 a6 13. b4 Bb6 14. Bb2 O-O
15. Re1 Nf6 16. f4 Re8 17. Rc1 Ng4 18. Rc3 a5 19. h3 Nf6 20. Qc2 axb4 21. axb4
Nd5 22. Be4 g6 23. Rb3 Bxh3 24. Rd1 Bg4 25. Rd2 Nf6 26. Nf5 Qxd2 27. Qxd2 Nxe4
28. Nh6+ Kf8 29. Qh2 Be6 30. Rd3 c5 31. bxc5 Bxc5 32. Nxf7 h5 33. Ne5 Rad8 34.
Nxg6+ Kf7 35. Qxh5 Rg8 36. Rxd8 Bxe3+ 37. Kg2 Rxd8 38. Qh7+ 1-0